[Event "St Chely d'Aubrac op 9th"]
[Site "St Chely d'Aubrac"]
[Date "2009.07.15"]
[Round "6"]
[White "Cavusoglu, Soner"]
[Black "Grange, Julien"]
[Result "1-0"]
[WhiteElo "1560"]
[BlackElo "1199"]
[PlyCount "43"]
[EventDate "2009.07.11"]
[EventType "swiss"]
[EventRounds "9"]
[EventCountry "FRA"]
[SourceTitle "EXT 2010"]
[Source "ChessBase"]
[SourceDate "2010.11.25"]
[SourceVersion "1"]
[SourceVersionDate "2010.11.25"]
[SourceQuality "1"]

1. d4 d5 2. g3 Nf6 3. Bg2 Nc6 4. c4 e6 5. cxd5 exd5 6. a3 a5 7. Nc3 Be7 8. Nf3 0-0 9. 0-0 Bf5 10. Ne5 Ng4 11. Nxg4 Bxg4 12. Nxd5 Be6 13. Nxe7+ Nxe7 14. Bxb7 Rb8 15. Bg2 Bd5 16. e4 Bc4 17. Re1 f6 18. Qa4 Qxd4 19. Qxa5 Rxb2 20. Bxb2 Qxb2 21. Qxc7 Qe5 22. Qxc4+ 1-0